Environmental design : (Record no. 352298)

000 -LEADER
fixed length control field 02283 a2200349 4500
003 - CONTROL NUMBER IDENTIFIER
control field OSt
005 - DATE AND TIME OF LATEST TRANSACTION
control field 20180116192329.0
008 - FIXED-LENGTH DATA ELEMENTS--GENERAL INFORMATION
fixed length control field 120423t xxu||||| |||| 00| 0 eng d
010 ## - LIBRARY OF CONGRESS CONTROL NUMBER
LC control number 2005049928
020 ## - INTERNATIONAL STANDARD BOOK NUMBER
International Standard Book Number 0415363330 (hbk.)
020 ## - INTERNATIONAL STANDARD BOOK NUMBER
International Standard Book Number 9780415363334 (hbk.)
020 ## - INTERNATIONAL STANDARD BOOK NUMBER
International Standard Book Number 0415363349 (pbk.)
020 ## - INTERNATIONAL STANDARD BOOK NUMBER
International Standard Book Number 9780415363341 (pbk.)
020 ## - INTERNATIONAL STANDARD BOOK NUMBER
International Standard Book Number 0203013662 (e-book)
020 ## - INTERNATIONAL STANDARD BOOK NUMBER
International Standard Book Number 9780203013663 (e-book)
035 ## - SYSTEM CONTROL NUMBER
System control number (OCoLC)ocm60644844
035 ## - SYSTEM CONTROL NUMBER
System control number (OCoLC)60644844
040 ## - CATALOGING SOURCE
Transcribing agency 0
082 00 - DEWEY DECIMAL CLASSIFICATION NUMBER
Classification number 720.47
245 00 - TITLE STATEMENT
Title Environmental design :
Remainder of title an introduction for architects and engineers /
Statement of responsibility, etc. edited by Randall Thomas.
250 ## - EDITION STATEMENT
Edition statement 3rd ed.
260 ## - PUBLICATION, DISTRIBUTION, ETC.
Place of publication, distribution, etc. London ;
-- New York :
Name of publisher, distributor, etc. Taylor & Francis,
Date of publication, distribution, etc. c2006.
300 ## - PHYSICAL DESCRIPTION
Extent xvi, 272 p. :
Other physical details ill. ;
Dimensions 26 cm.
505 0# - FORMATTED CONTENTS NOTE
Formatted contents note Strategies / Max Fordham -- Comfort, health, and environmental physics / Bill Watts -- Buildings and energy balances / Bill Watts and Randall Thomas -- Building planning and design / Randall Thomas -- Site planning / Randall Thomas -- Materials and construction / Randall Thomas -- Energy sources / Ramiro Godoy -- Lighting / Randall Thomas -- Engineering thermal comfort / Randall Thomas -- Water, waste disposal, and appliances / Mike Entwisle, Randall Thomas and Adam Ritchie -- Summary / Randall Thomas -- RMC International Headquarters / Bart Stevens -- Queens Building, De Montfort University / Edith Blennerhassett -- The Charles Cryer Studio Theatre / Colin Hamilton -- The Environmental Building, Building Research Establishment / Randall Thomas and Bart Stevens -- The Millennium Centre, Dagenham / Randall Thomas -- The Bedales Theatre / Randall Thomas -- Beaufort Court / Tamsin Tweddell -- Heelis, Central Office for the National Trust / Guy Nevill -- Environmental data and the psychrometric chart / Randall Thomas -- Calculation procedures / Randall Thomas -- Acoustics / Randall Thomas and Anthony Chilton -- Photovoltaics / Randall Thomas and Lorna Markham.
650 #0 - SUBJECT ADDED ENTRY--TOPICAL TERM
Topical term or geographic name entry element Architecture
General subdivision Environmental aspects.
9 (RLIN) 981
650 #0 - SUBJECT ADDED ENTRY--TOPICAL TERM
Topical term or geographic name entry element Environmental engineering.
9 (RLIN) 982
650 #0 - SUBJECT ADDED ENTRY--TOPICAL TERM
Topical term or geographic name entry element City planning.
9 (RLIN) 983
650 #0 - SUBJECT ADDED ENTRY--TOPICAL TERM
Topical term or geographic name entry element Engineering design.
9 (RLIN) 984
700 1# - ADDED ENTRY--PERSONAL NAME
Personal name Thomas, Randall.
9 (RLIN) 985
942 ## - ADDED ENTRY ELEMENTS (KOHA)
Institution code [OBSOLETE] SADA
Koha item type Book
Call number prefix 720.47 ENV 2006
Source of classification or shelving scheme
Holdings
Withdrawn status Lost status Source of classification or shelving scheme Damaged status Not for loan Permanent Location Current Location Date acquired Total Checkouts Total Renewals Full call number Barcode Checked out Date last seen Date last checked out Cost, replacement price Price effective from Koha item type
          School of Art Design and Architecture (SADA) School of Art Design and Architecture (SADA) 10/04/2010 7 4 720.47 ENV 2006 SADA0000328 10/02/2024 05/14/2024 05/14/2024 2947.00 08/05/2011 Book
© 2023 Central Library, National University of Sciences and Technology. All Rights Reserved.